000 00263nam a2200109Ia 4500
008 190216s9999||||xx |||||||||||||| ||und||
100 _aZamyatin
245 0 _aIdeological Struggle And Question Of Peace
260 _bNovosti Pub
650 _aHistory
942 _cBK
999 _c19702
_d19702